MARC

LEADER 00000nam0a2200000 4500
001 276975
005 20231101234954.0
035 |a (RuTPU)RU\TPU\book\300248 
090 |a 276975 
100 |a 20141127d1986 k y0rusy50 ca 
101 0 |a rus 
102 |a RU 
105 |a a z 001zy 
200 1 |a Ледовый тип седименто- и литогенеза  |e [монография]  |f Ю. А. Лаврушин, А. Р. Гептнер, Ю. К. Голубев  |g Академия наук СССР (АН СССР) 
210 |a Москва  |c Наука  |d 1986 
215 |a 157 с.  |c ил. 
320 |a Библиогр.: с. 149-155 
606 1 |a Ледниковые отложения  |x (гляциальная геология)  |2 stltpush  |3 (RuTPU)RU\TPU\subj\39936  |9 59834 
610 1 |a литогенез 
610 1 |a морены 
610 1 |a формирование 
610 1 |a модели 
610 1 |a вещественный состав 
610 1 |a подледнодиагенетические карбонатные новообразования 
610 1 |a фациальная принадлежность 
610 1 |a подледный диагенез 
610 1 |a глинистое вещество 
610 1 |a преобразование 
610 1 |a активный вулканизм 
610 1 |a Исландия 
610 1 |a монографии 
675 |a 551.332  |v 4 
700 1 |a Лаврушин  |b Ю. А.  |g Юрий Александрович 
701 1 |a Гептнер  |b А. Р.  |g Альфред Романович 
701 1 |a Голубев  |b Ю. К.  |g Юрий Конкордьевич 
712 0 2 |a Академия наук СССР (АН СССР)  |c (1925-1991)  |2 stltpush  |3 (RuTPU)RU\TPU\col\722 
801 1 |a RU  |b 63413507  |c 20141127 
801 2 |a RU  |b 63413507  |c 20170403  |g RCR 
942 |c BK